| 000 | 00967nam a2200277Ia 4500 | ||
|---|---|---|---|
| 003 | GCL | ||
| 008 | 140319s9999 xx 000 0 ara d | ||
| 020 | _a6094314977 | ||
| 040 |
_aGCL / _cGCL |
||
| 082 | 0 | 4 |
_a230 _bص ع |
| 100 | 1 | _aصبرى المتولى | |
| 245 | 1 | 0 |
_aعلم الحديث النبوى : _bمحاضرات ودراسات / _cصبرى المتولى |
| 260 |
_aالقاهرة : _bمكتبة زهراء الشرق ، _c2006 |
||
| 300 |
_a313 ص ؛ _c24 سم |
||
| 650 | 0 | 4 | _aالحديث - شرح |
| 650 | 0 | 4 | _aالحديث - رواية |
| 650 | 0 | 4 | _aعلم رواية الحديث |
| 650 | 0 | 4 | _aالحديث، علوم |
| 650 | 0 | 4 | _aالحديث - سنن ابو داود |
| 650 | 0 | 4 | _aالحديث - اسناد |
| 650 | 0 | 4 | _aالحديث - جمع وتدوين |
| 650 | 0 | 4 | _aالحديث - سنن الترمذى |
| 650 | 0 | 4 | _aالحديث - سنن النسائى |
| 650 | 0 | 4 | _aالحديث - سنن ابن ماجة |
| 942 |
_2ddc _cBK |
||
| 999 |
_c8216 _d8216 |
||